000 00616nam a2200193 a 4500
001 000011925
005 20240412074228.0
008 091102s19uu dr r 000 p spa d
040 _aDO-SdBNP
_bspa
_cBNPHU
082 _aRD861.44
_bR666d
100 1 _aRobiou, José Ramón.
_d1941-
_928201
245 1 0 _aDesde el fondo de las llamas :
_bpoemas 1960-1964 /
_cTete Robiou.
260 _a[Madrid] :
_bGráfica Hersa,
_c[19--].
300 _a98 p. ;
_c20 cm.
590 _aInventariado, 2018/ YL
650 0 _aPoesía dominicana
_966
650 0 _aLiteratura dominicana.
_967
910 _aValidado. Control de calidad MFF
999 _c11595
_d11595